000 00737nam a2200217Ia 4500
003 IN-BaIIA
008 211028s9999 xx 000 0 eng d
020 _a0-12-475976-9
040 _cIIA Library
080 _a539.18
_bATO
245 0 _aAtomic, molecular, and optical physics
_batoms and molecules
_cedited by F. B. Dunning and Randall G. Hulet
260 _aSan Diego
_bAcademic Press
_c1996
300 _axix, 435p.
490 _aExperimental methods in the physical sciences; vol. 29B
650 _aAtomic physics
_91547
650 _aMolecular physics
_91914
650 _aOptics
700 _aDunning, F. B., ed.
_924385
700 _aHulet, Randall G., ed.
_924386
942 _cBK
999 _c13920
_d13920